A Set of Nautical Tables For General Navigational Purposes (Record no. 10828)

000 -LEADER
fixed length control field 00309nam a2200109Ia 4500
008 - FIXED-LENGTH DATA ELEMENTS--GENERAL INFORMATION
fixed length control field 210107s9999 xx 000 0 und d
100 ## - MAIN ENTRY--PERSONAL NAME
Personal name Burton, Stephen M. (Comp.)
245 #2 - TITLE STATEMENT
Title A Set of Nautical Tables For General Navigational Purposes
260 ## - PUBLICATION, DISTRIBUTION, ETC.
Place of publication, distribution, etc. London
Name of publisher, distributor, etc. Stanford Maritime
300 ## - PHYSICAL DESCRIPTION
Extent 345
942 ## - ADDED ENTRY ELEMENTS (KOHA)
Koha item type Books
Holdings
Withdrawn status Lost status Damaged status Not for loan Permanent Location Date acquired Full call number Barcode Date last seen Price effective from Koha item type
        IMU Kolkata 2021-01-07 528.841 B9741 PM06533 2021-01-07 2021-01-07 Books
Designed and Maintained by IMU-KC Library, Kolkata Campus © Copyright All Rights Reserved

webs counters

Powered by Koha